La seguridad mirada desde arriba
Gardado en:
| Formato: | Texto |
|---|---|
| Materias: | |
| Etiquetas: |
Engadir etiqueta
Sen Etiquetas, Sexa o primeiro en etiquetar este rexistro!
|
MARC
| LEADER | 00000 a a2200000 04500 | ||
|---|---|---|---|
| 001 | 4851 | ||
| 003 | |||
| 040 | |||
| 245 | |a La seguridad mirada desde arriba | ||
| 650 | |a SEGURIDAD CIUDADANA | ||
| 650 | |a CRISIS SOCIAL | ||
| 650 | |a VIOLENCIA | ||
| 650 | |a POBREZA | ||
| 650 | |a POLITICA | ||
| 650 | |a ESPAÑA | ||
| 773 | |g volumen 1, número 1; páginas 15-18 | ||
| 999 | |c 33511 |d 33511 | ||
